000 00523nam a2200217Ia 4500
003 OSt
005 20220926035254.0
006 a|||||r|||| 00| 0
007 ta
008 220923b |||||||| |||| 00| 0 eng d
037 _cGeneral Book
040 _aRTL
_cRTL
_beng
041 _2eng
_aeng
082 _aX:54:3:N3, G1
100 _aLoveday A
245 0 _aBritain and world trade
260 _c1931
650 _aTrade
942 _hX:54:3:N3, G1
_cGB
_2CC
999 _c661743
_d661743